Qanoon-E-sulook (manzil-E-naqshbandi) (Record no. 8733)

MARC details
000 -LEADER
fixed length control field 00565nam a2200229 a 4500
020 ## - INTERNATIONAL STANDARD BOOK NUMBER
ISBN
082 00 - DEWEY DECIMAL CLASSIFICATION NUMBER
Classification number 297.4
Author Cutter ANW
100 ## - MAIN ENTRY--AUTHOR NAME
Author name Anwar Ali, Mohammad
245 ## - TITLE STATEMENT
Title Qanoon-E-sulook (manzil-E-naqshbandi)
260 ## - PUBLICATION, DISTRIBUTION, ETC. (IMPRINT)
Place of publication London
Name of publisher No Publisher
Year of publication 1914
300 ## - PHYSICAL DESCRIPTION
Number of Pages 72p
500 ## - GENERAL NOTE
General note includes index and biblioraphy
650 ## - SUBJECT ADDED ENTRY--TOPICAL TERM
Topical Term Sufism-Naqshbandi
942 ## - ADDED ENTRY ELEMENTS (KOHA)
Koha item type Books
700 1# -
-- Anwar Ali, Mohammad
Holdings
Collection code Home library Current library Date acquired Cost, normal purchase price Full call number Accession Number Koha item type
  Henry Martyn Institute Library Henry Martyn Institute Library 08/01/2007 100.00 297.4 ANW 010842 Books
                   Copyright © 2026 | Henry Martyn Institute | Hyderabad | TS-500052 | INDIA | Implemented by hmi.edu.in
Hit-Count:

Powered by Koha